00640nam a2200181Ia 4500100001500000650002700015250000600042942000700048654003800055245003900093260002600132082001700158300000800175546001200183999001700195952012000212952012600332 aLewis/ G.  aElectrical Engineering a1 cRB aCommunication technology handbook aCommunication Technology Handbook bNewnesaBritainc1994 a621.382bPAN a0 0 aENGLISH c20963d20963 001040708CRCaCRCEbCRCEd2023-03-17eUniqueg2064.00l0o621.382 PANp6904r2023-03-17v2064.00w2023-03-17yRB 001040708CRCaCRCEbCRCEd2023-03-17eglobal booksg2064.00l0o621.382 PANp7045r2023-03-17v2064.00w2023-03-17yRB